000 00529nam a2200181 i 4500
001 56098
003 ES-MaACL
005 20230906163300.0
007 t|
008 031003s1970 sp ||||1| spa d
100 1 _aDíaz-Plaja, Fernando,
_d1918-2012
_944396
245 1 3 _aLa posguerra española en sus documentos /
_cFernando Díaz-Plaja.
250 _a[1ª ed.].
260 _a[Barcelona] :
_bPlaza & Janés,
_c[1970]
300 _a423 p. ;
_c22 cm.
852 _aES-MaACL
_jC-38351
_bR.74203
999 _c56098
_d56098